000 00803nam a22002537a 4500
003 0
005 20180731143319.0
008 0
010 _aA-993319
020 _c360.00
_a8177080016
035 _aA-993319, A-993322, A-993326
037 _bCen Lib/Ret
040 _aDPL
_bEN
_c0
082 _a381.30954
_2SHA
100 _aSharma, Kavita
_922230
245 _aImpact of consumer involvement on consumer behaviour :
_cby Kavita Sharma
_ba case study of India /
260 _aDelhi
_bNew Century Publications
_c2000
270 _a34, Gujranwala Town Part-2
_bDelhi
_e110033
300 _aviii,189p. :
_c21cm(Hb)
_bill.
500 _aIncludes bibliography
650 _aMarketing research
_922231
650 _aConsumer behavior
_922232
942 _2ddc
_cEN
_h381.30954
_mSHA
999 _c128037
_d128037